00539nam a2200145Ia 4500008004100000100002400041245009400065245002400159260005900183650001800242650001500260856002600275999001900301952007300320170221s9999 xx 000 0 und d aVirgil Ian Stanford 2aA Tea Party Online: A Content Analysis of Local, Regional, and State Tea Party Websites  cVirgil Ian Stanford bOnline Journal of Communication and Media Technologies xCommunication xMedia Arts uhttp://www.ojcmt.net/ c312851d312851 001040aCLbCLd2017-02-21l0r2017-02-21 00:00:00w2017-02-21yFOJ